Tempo Da Elfi

Gardado en:
Detalles Bibliográficos
Autor Principal: Francesco Giccini Loriano Macchiavelliu
Formato: Libro
Idioma:lingua descoñecida ou non válida
Publicado: Scrittori Giunti
Tags: Engadir etiqueta
Sen Etiquetas, Sexa o primeiro en etiquetar este rexistro!

MARC

LEADER 00000nam a2200000Ia 4500
001 R-1226
003 CODICE-MESSINA
005 20260212102504.0
008 260211s9999 xx 000 0 und d
040 |c importazione_messina 
100 |a Francesco Giccini Loriano Macchiavelliu 
245 0 |a Tempo Da Elfi 
260 |b Scrittori Giunti 
942 |2 ddc  |c BK 
952 |0 0  |1 0  |2 ddc  |4 0  |6 SCAFFALE_11_000000000000000__ROMANZI  |7 0  |9 32059  |a ME  |b ME  |d 2026-02-11  |l 0  |o SCAFFALE 11 - ROMANZI  |p R-1226  |r 2026-02-11 23:52:56  |w 2026-02-11  |x [REVISIONARE]  |y BK 
999 |c 27726  |d 27726